000 00865nam a22003257a 4500
001 055
003 DO-SdBNP
005 20180220134513.0
007 055
008 151005b1993 sp 00| 0 spa d
020 _a8434839768
040 _aBPMSU
_bspa
_cBPMSU
092 _aXXXX
_bXXXX
100 1 _aDíaz, Gloria Cecilia
245 1 0 _aEl sol de los venados /
_cGloria Cecilia Díaz ; colección dirigida por Marinella Terzi
250 _a2a. ed.
260 _aMadrid :
_bEdiciones SM,
_c1993.
300 _a125 p. :
_bil. ;
_c19 cm.
490 1 _aEl barco de vapor
_v70
490 1 _aRoja
500 _aA partir de 12 años
521 1 _aA partir de los 12 años
700 1 2 _aTerzi, Marinella
_edir.
830 0 _aBarco de vapor
_n70
830 0 _aRoja
910 _a202
942 _2ddc
_cBK
945 _aInventariado, 2018 / BT
956 _aYngrid Lockward
999 _c8448
_d8448